| 000 | 01192nam a22003497a 4500 | ||
|---|---|---|---|
| 003 | CHAP | ||
| 005 | 20220817044118.0 | ||
| 008 | 060721d2005 it a rn 00110 eng d | ||
| 010 | _a92468 | ||
| 011 | _a93440 | ||
| 020 | _a9251053782 | ||
| 035 | _a104014 | ||
| 040 | _cCHAP | ||
| 082 | 0 | 4 |
_a639.21638 _bF21y v.78 |
| 110 | 2 |
_aFAO. Comisión General de Pesca para el Mediterráneo _939486 |
|
| 245 | 1 | 0 |
_aInteractions between aquaculture and capture fisheries : _ba methodological perspective _c/ed. by Stefano Cataudella, Fabio Massa and Donatella Crosetti |
| 260 |
_aRome : _bFAO, _c2005. |
||
| 300 |
_a229 p. : _bilus. ; gráfs. |
||
| 490 | 0 |
_aFAO. Studies and reviews _v; 78 |
|
| 590 |
_aBATCH-UPD _b10 _c20130110 _lUCH01 _h0438 |
||
| 590 |
_aCONVERSION _b10 _c20130109 _lUCH01 _h1351 |
||
| 650 | 1 | 4 |
_aAcuicultura. _9758 |
| 650 | 1 | 4 | _aPesca. |
| 700 | 0 |
_aCataudella, Stefano. _920494 |
|
| 700 | 1 |
_aCrosetti, Donatella _929185 |
|
| 700 | 1 |
_aMassa, Fabio _972803 |
|
| 830 | 0 | 0 |
_aFAO. Studies and reviews _v; 78 _939702 |
| 901 | _aBK | ||
| 905 | _aAlejandra Carrasco M. | ||
| 942 | _cLIBRO | ||
| 949 |
_a639.21638 F21y v.78 _bBC _cFAO _d33724002031173 _eFAO1 _gDonaciØn _h108659 _i104014 _sb |
||
| 999 |
_c92468 _d92468 |
||